Coconut based cropping/farming systems (Record no. 44435)

MARC details
000 -LEADER
fixed length control field 00369nam a2200121Ia 4500
082 ## - DEWEY DECIMAL CLASSIFICATION NUMBER
Classification number 634.616:631.153.3
Item number THO
100 ## - MAIN ENTRY--AUTHOR NAME
Personal name Thomas, George V
245 #0 - TITLE STATEMENT
Title Coconut based cropping/farming systems
260 ## - PUBLICATION, DISTRIBUTION, ETC. (IMPRINT)
Place of publication Kasaragod
Name of publisher Central Plantation Crops Research Institute
Year of publication 2010
650 ## - SUBJECT ADDED ENTRY--TOPICAL TERM
Topical Term Coconut intercropping
942 ## - ADDED ENTRY ELEMENTS (KOHA)
Koha item type Books
Holdings
Withdrawn status Lost status Damaged status Not for loan Home library Current library Date acquired Source of acquisition Full call number Accession Number Koha item type
        RRII Library RRII Library 16/12/2021 Gift 634.616:631.153.3 THO G01182 Books